[Event "Campeonato Nacional  Femenino 2011"]
[Site "Ciudad de Holguin. Cuba"]
[Date "2011.02.01"]
[Round "5.1"]
[White "Miranda, Tania"]
[Black "Linares, Oleiny"]
[Result "0-1"]
[WhiteElo "2129"]
[BlackElo "2304"]
[PlyCount "114"]
[EventDate "2011.01.29"]
[EventType "swiss"]
[EventRounds "9"]
[EventCountry "CUB"]
[EventCategory "1"]

1. e4 d6 2. d4 Nf6 3. Nc3 g6 4. f4 Bg7 5. Nf3 c5 6. dxc5 Qa5 7. Bd3 Qxc5 8. Qe2
Bg4 9. Be3 Qa5 10. O-O O-O 11. Kh1 Nc6 12. Qe1 Bxf3 13. Rxf3 Rac8 14. Qh4 Qh5
15. Qe1 Qa5 16. Rh3 Rfe8 17. Qh4 Qh5 18. Qf2 Qa5 19. Qh4 Qh5 20. Qg3 Qa5 21.
Rg1 d5 22. Bd2 dxe4 23. Bxe4 Red8 24. Be1 Qb6 25. f5 Nd4 26. Qh4 Rc4 27. Bd3
Nf3 28. Qf2 Qxf2 29. Bxf2 Nxg1 30. Kxg1 Rb4 31. fxg6 hxg6 32. Bc5 Rxb2 33. Bxe7
Re8 34. Bc5 Nd7 35. Bb5 Rxb5 36. Nxb5 Nxc5 37. Nxa7 Re2 38. c4 Ne4 39. Kf1 Rf2+
40. Ke1 Rxa2 41. Nb5 Rxg2 42. Re3 f5 43. h3 Be5 44. Kf1 Rc2 45. Na3 Rb2 46. Rd3
Kg7 47. c5 Bf4 48. Nc4 Nd2+ 49. Nxd2 Bxd2 50. Rd7+ Kh6 51. Rd6 Bf4 52. Rd4 Kg5
53. Rc4 Be3 54. c6 bxc6 55. Rxc6 Kf4 56. Ke1 Kf3 57. Kd1 Rb1+ 0-1

[Event "Campeonato Nacional  Femenino 2011"]
[Site "Ciudad de Holguin. Cuba"]
[Date "2011.02.01"]
[Round "5.2"]
[White "Arribas, Maritza"]
[Black "Vigoa Apecheche, Yanira"]
[Result "0-1"]
[WhiteElo "2296"]
[BlackElo "2290"]
[PlyCount "164"]
[EventDate "2011.01.29"]
[EventType "swiss"]
[EventRounds "9"]
[EventCountry "CUB"]
[EventCategory "1"]

1. Nf3 Nf6 2. g3 g6 3. Bg2 Bg7 4. c4 d5 5. cxd5 Nxd5 6. O-O O-O 7. Nc3 Nb6 8.
d3 Nc6 9. Bg5 h6 10. Be3 e5 11. Qd2 Kh7 12. Bc5 Re8 13. Rac1 Bg4 14. h3 Be6 15.
Rfd1 Qd7 16. Kh2 Rad8 17. Qc2 Nd4 18. Bxd4 exd4 19. Ne4 c6 20. Nc5 Qe7 21. Nxe6
Qxe6 22. Re1 Kg8 23. a4 Qd6 24. a5 Nd5 25. Nd2 h5 26. Qc5 Qxc5 27. Rxc5 Bf8 28.
Rc2 Bb4 29. a6 b6 30. Bf3 c5 31. Ra1 Bxd2 32. Rxd2 Nb4 33. h4 Re5 34. Kg2 Rde8
35. Kf1 R8e7 36. Ra4 Kg7 37. Rd1 Rf5 38. Be4 Rf6 39. Rc1 Re5 40. f4 Re7 41. Kf2
Rd6 42. Ra3 f5 43. Bf3 Rc7 44. Ra4 Rdd7 45. Bg2 Kf6 46. Bf3 Ke7 47. Ra3 Kd8 48.
e3 dxe3+ 49. Kxe3 Rd4 50. Kd2 Rcd7 51. Rcc3 R7d6 52. Be2 Kd7 53. Bf1 Nd5 54.
Rc4 Rxc4 55. dxc4 Nxf4+ 56. Ke1 Ne6 57. Bg2 Nc7 58. Bb7 Rd4 59. Rc3 Kd6 60. b3
Ne6 61. Ke2 f4 62. Kf2 Ke5 63. Bc8 Ng7 64. gxf4+ Rxf4+ 65. Kg3 Nf5+ 66. Bxf5
gxf5 67. Re3+ Re4 68. Rd3 f4+ 69. Kf3 Rd4 70. Rc3 Kf5 71. Ke2 Kg4 72. Rc1 Re4+
73. Kf2 Re3 74. b4 Rf3+ 75. Ke2 cxb4 76. c5 bxc5 77. Rxc5 Ra3 78. Rb5 Rxa6 79.
Rxb4 Ra2+ 80. Kf1 a5 81. Rc4 a4 82. Kg1 Kg3 0-1

[Event "Campeonato Nacional  Femenino 2011"]
[Site "Ciudad de Holguin. Cuba"]
[Date "2011.02.01"]
[Round "5.3"]
[White "Ordaz, Lisandra"]
[Black "Marrero, Yaniet"]
[Result "1/2-1/2"]
[WhiteElo "2343"]
[BlackElo "2315"]
[PlyCount "41"]
[EventDate "2011.01.29"]
[EventType "swiss"]
[EventRounds "9"]
[EventCountry "CUB"]
[EventCategory "1"]

1. d4 d5 2. Nf3 Nf6 3. e3 e6 4. Bd3 c5 5. b3 Nc6 6. O-O Bd6 7. Bb2 Qc7 8. c4
dxc4 9. bxc4 O-O 10. d5 Ne5 11. h3 exd5 12. cxd5 Nxd5 13. Nxe5 Bxe5 14. Bxh7+
Kxh7 15. Qh5+ Kg8 16. Bxe5 Qc6 17. Rd1 Be6 18. Bxg7 Kxg7 19. Qg5+ Kh7 20. Qh5+
Kg7 21. Qg5+ 1/2-1/2

[Event "Campeonato Nacional  Femenino 2011"]
[Site "Ciudad de Holguin. Cuba"]
[Date "2011.02.01"]
[Round "5.4"]
[White "Campos, Milena"]
[Black "Miranda, Yerisbel"]
[Result "0-1"]
[WhiteElo "2215"]
[BlackElo "2183"]
[PlyCount "152"]
[EventDate "2011.01.29"]
[EventType "swiss"]
[EventRounds "9"]
[EventCountry "CUB"]
[EventCategory "1"]

1. e4 e5 2. Nf3 Nc6 3. d4 exd4 4. Nxd4 Nf6 5. Nxc6 bxc6 6. e5 Qe7 7. Qe2 Nd5 8.
c4 Ba6 9. b3 O-O-O 10. g3 Re8 11. Bb2 f6 12. Nd2 fxe5 13. Bg2 g6 14. O-O Bg7
15. Qe4 Nf6 16. Qe3 Kb8 17. Rfe1 Qf8 18. h3 Bb7 19. Nf3 e4 20. Nd2 d5 21. Bd4
a6 22. Rac1 Qf7 23. Qf4 Qd7 24. Qe3 Nh5 25. b4 Bxd4 26. Qxd4 Qg7 27. Qc5 Nf6
28. Nb3 Nd7 29. Qe3 Rhf8 30. cxd5 cxd5 31. Nd4 Ne5 32. Qc3 Qf7 33. Re2 Nc4 34.
Rf1 Qd7 35. Kh2 Nd6 36. Rc1 Nb5 37. Qe3 Nxd4 38. Qxd4 Qd6 39. Rec2 Re7 40. b5
axb5 41. Rc5 c6 42. a4 bxa4 43. Ra5 g5 44. Rb1 Kc8 45. Qxa4 Rff7 46. Qd4 Qf6
47. Qc5 Rd7 48. Qb6 Rc7 49. Rb2 c5 50. Qb5 Qe5 51. Rba2 Kd8 52. Ra7 d4 53. Qb6
Bc8 54. Ra8 h5 55. Qg6 Ke7 56. Qxh5 Be6 57. Qg6 Bxa2 58. Rxa2 e3 59. fxe3 dxe3
60. Re2 Rf2 61. Qh7+ Kd8 62. Qg8+ Kd7 63. Qh7+ Kd8 64. Qg8+ Ke7 65. Qh7+ Kf8
66. Rxe3 Rxh7 67. Rxe5 Rc7 68. Rxg5 c4 69. Kg1 Rd2 70. Rf5+ Ke7 71. Re5+ Kf6
72. Re1 c3 73. Rc1 c2 74. Bf3 Rf7 75. Rf1 Ke5 76. Re1+ Kd4 0-1

[Event "Campeonato Nacional  Femenino 2011"]
[Site "Ciudad de Holguin. Cuba"]
[Date "2011.02.01"]
[Round "5.5"]
[White "Gutierrez, Amanda"]
[Black "Piña, Sulennis"]
[Result "1-0"]
[WhiteElo "2022"]
[BlackElo "2325"]
[PlyCount "67"]
[EventDate "2011.01.29"]
[EventType "swiss"]
[EventRounds "9"]
[EventCountry "CUB"]
[EventCategory "1"]

1. e4 c5 2. Nf3 d6 3. d4 cxd4 4. Nxd4 Nf6 5. Nc3 Nc6 6. Bg5 e6 7. Qd2 Be7 8. f3
Nxd4 9. Qxd4 a6 10. h4 b5 11. O-O-O O-O 12. Be3 Bb7 13. g4 Qc7 14. Qb6 Qc8 15.
g5 Nd7 16. Qd4 Re8 17. h5 b4 18. Nb1 Bf8 19. g6 fxg6 20. hxg6 hxg6 21. Qxb4 d5
22. Qd2 Bc5 23. Bf4 Nf8 24. e5 Bc6 25. Bd3 Bb5 26. Rh3 Bxd3 27. Qxd3 Qb7 28.
Rdh1 Qb5 29. Qd2 Rab8 30. b3 a5 31. Bg5 Rec8 32. Qf4 Be3+ 33. Qxe3 Rc4 34. Na3
1-0

[Event "Campeonato Nacional  Femenino 2011"]
[Site "Ciudad de Holguin. Cuba"]
[Date "2011.02.01"]
[Round "5.6"]
[White "Ramon Pita, Vivian"]
[Black "Llaudy, Lisandra"]
[Result "1-0"]
[WhiteElo "2203"]
[BlackElo "2238"]
[PlyCount "81"]
[EventDate "2011.01.29"]
[EventType "swiss"]
[EventRounds "9"]
[EventCountry "CUB"]
[EventCategory "1"]

1. d4 Nf6 2. c4 e6 3. Nf3 b6 4. e3 Bb7 5. Bd3 c5 6. O-O Be7 7. Nc3 cxd4 8. exd4
O-O 9. d5 Na6 10. a3 Nc7 11. d6 Bxd6 12. Bxh7+ Nxh7 13. Qxd6 Bxf3 14. gxf3 Ne8
15. Qg3 Rc8 16. b3 Rc5 17. Ne4 Rf5 18. Kh1 d5 19. Rd1 Qc8 20. cxd5 exd5 21. Ng5
Nxg5 22. Bxg5 f6 23. Be3 Rh5 24. Rac1 Qf5 25. Qg4 Kf7 26. Qxf5 Rxf5 27. Kg2 Re5
28. Rc8 Nd6 29. Rxf8+ Kxf8 30. Bf4 Re6 31. Rxd5 Nf7 32. a4 Ke7 33. a5 Rc6 34.
Be3 Ke6 35. axb6 axb6 36. Rb5 Kd7 37. Rxb6 Rc2 38. Rb7+ Ke6 39. b4 g5 40. f4 g4
41. f5+ 1-0

[Event "Campeonato Nacional  Femenino 2011"]
[Site "Ciudad de Holguin. Cuba"]
[Date "2011.02.01"]
[Round "5.7"]
[White "Catala, Ivette"]
[Black "Perez, Jennifer"]
[Result "1-0"]
[WhiteElo "2171"]
[BlackElo "2231"]
[PlyCount "111"]
[EventDate "2011.01.29"]
[EventType "swiss"]
[EventRounds "9"]
[EventCountry "CUB"]
[EventCategory "1"]

1. d4 Nf6 2. Nf3 g6 3. g3 Bg7 4. Bg2 O-O 5. O-O d5 6. Nbd2 c6 7. c4 Ne4 8. cxd5
Nxd2 9. Bxd2 cxd5 10. Ne5 Nd7 11. Bc3 Nb6 12. Qb3 e6 13. a4 Nd7 14. Rfd1 Qb6
15. Qxb6 axb6 16. b3 Rd8 17. Rac1 f6 18. Nd3 Nb8 19. e4 dxe4 20. Bxe4 Nc6 21.
Nf4 f5 22. d5 Bxc3 23. dxc6 Rxd1+ 24. Rxd1 fxe4 25. Rd8+ Kf7 26. cxb7 Bxb7 27.
Rd7+ Kf6 28. Rxb7 Bd4 29. Rxh7 Rc8 30. Ne2 Bc5 31. Kg2 Rd8 32. Nc3 Ke5 33. Rh4
Rd4 34. Rg4 Kf5 35. Rf4+ Ke5 36. h4 Rb4 37. Rg4 Kf5 38. Rg5+ Kf6 39. Rg4 Kf5
40. Rf4+ Ke5 41. h5 gxh5 42. Rh4 Be7 43. Rxh5+ Kd4 44. Ne2+ Kd3 45. Nf4+ Kd2
46. Re5 Kc2 47. Rxe6 Bc5 48. Nd5 Rd4 49. Nxb6 Kxb3 50. Rc6 Kb4 51. Kf1 Rd2 52.
Rf6 e3 53. fxe3 Bxe3 54. a5 Kb5 55. Rf5+ Kb4 56. Nd5+ 1-0

[Event "Campeonato Nacional  Femenino 2011"]
[Site "Ciudad de Holguin. Cuba"]
[Date "2011.02.01"]
[Round "5.8"]
[White "Hernandez, Yuleisis"]
[Black "Fleites, Yuleikys"]
[Result "1/2-1/2"]
[WhiteElo "2206"]
[BlackElo "2155"]
[PlyCount "72"]
[EventDate "2011.01.29"]
[EventType "swiss"]
[EventRounds "9"]
[EventCountry "CUB"]
[EventCategory "1"]

1. d4 d5 2. Nf3 Nf6 3. e3 e6 4. Bd3 c5 5. b3 Nc6 6. Bb2 Bd6 7. O-O O-O 8. a3 b6
9. Ne5 Bb7 10. Nd2 a6 11. f4 b5 12. Rf3 c4 13. Bf1 Ne4 14. Nxe4 dxe4 15. Rh3
Bxe5 16. Qh5 h6 17. fxe5 cxb3 18. Rg3 Ne7 19. cxb3 Rc8 20. Qd1 Qc7 21. a4 b4
22. Bc4 a5 23. Rg4 Qd8 24. Qe1 Nf5 25. Rf4 Qg5 26. Qe2 Rc7 27. Rc1 Rfc8 28. Rc2
h5 29. Kf1 g6 30. Bc1 Bd5 31. g3 Kg7 32. Kf2 Qe7 33. Kg2 Qg5 34. Kf2 Qe7 35.
Kg2 Qg5 36. Kf2 Qe7 1/2-1/2

[Event "Campeonato Nacional  Femenino 2011"]
[Site "Ciudad de Holguin. Cuba"]
[Date "2011.02.01"]
[Round "5.9"]
[White "Castillo, Mairebis"]
[Black "Corrales, Zenia"]
[Result "1/2-1/2"]
[WhiteElo "2166"]
[BlackElo "2197"]
[PlyCount "147"]
[EventDate "2011.01.29"]
[EventType "swiss"]
[EventRounds "9"]
[EventCountry "CUB"]
[EventCategory "1"]

1. d4 Nf6 2. Nf3 g6 3. Bg5 Ne4 4. Bf4 d5 5. e3 Bg7 6. Bd3 Nf6 7. h3 c5 8. c3 b6
9. Ne5 O-O 10. O-O Nfd7 11. Nf3 Nc6 12. e4 dxe4 13. Bxe4 Bb7 14. d5 Nce5 15.
Nbd2 f5 16. Bc2 Bxd5 17. Re1 Nxf3+ 18. Nxf3 Nf6 19. Ng5 Qd7 20. Qe2 Nh5 21. Bh2
Bf6 22. Ne6 Bxe6 23. Qxe6+ Qxe6 24. Rxe6 Ng7 25. Rc6 Rfd8 26. Rd1 Ne8 27. Kf1
Rxd1+ 28. Bxd1 Rd8 29. Bb3+ Kf8 30. Bf4 g5 31. Bc1 e5 32. a4 Ke7 33. a5 Rb8 34.
Be6 Nd6 35. Bd5 Kd7 36. b4 cxb4 37. cxb4 bxa5 38. Ra6 axb4 39. Rxa7+ Kd8 40.
Bb2 Rc8 41. Be6 Rc7 42. Ra4 Rb7 43. Bd5 Rb5 44. Ra8+ Kc7 45. Bb3 Ne4 46. Ke1
Nc5 47. Bc4 Rb8 48. Ra7+ Rb7 49. Ra8 Rb8 50. Ra7+ Nb7 51. Bd3 f4 52. Bxh7 Kb6
53. Ra1 Rd8 54. Rb1 Ka5 55. Rc1 Kb5 56. Ke2 Nc5 57. Bg6 Na4 58. Ba1 b3 59. Rb1
Kb4 60. Bf7 Nc5 61. Rc1 Ra8 62. Bc3+ Kb5 63. Bc4+ Kxc4 64. Bxe5+ Kd5 65. Bxf6
Ra2+ 66. Kf3 Rxf2+ 67. Kxf2 Nd3+ 68. Ke2 Nxc1+ 69. Kd2 Na2 70. Bxg5 Ke4 71. Be7
f3 72. gxf3+ Kxf3 73. h4 Kg4 74. Bg5 1/2-1/2

[Event "Campeonato Nacional  Femenino 2011"]
[Site "Ciudad de Holguin. Cuba"]
[Date "2011.02.01"]
[Round "5.10"]
[White "Frometa, Zirka"]
[Black "Forgas, Yaniela"]
[Result "1-0"]
[WhiteElo "2128"]
[BlackElo "2130"]
[PlyCount "99"]
[EventDate "2011.01.29"]
[EventType "swiss"]
[EventRounds "9"]
[EventCountry "CUB"]
[EventCategory "1"]

1. d4 Nf6 2. Nf3 g6 3. Nbd2 Bg7 4. e4 d6 5. Bc4 O-O 6. O-O d5 7. exd5 Nxd5 8.
c3 Nc6 9. Ne4 h6 10. a4 b6 11. Ne5 Nxe5 12. dxe5 Be6 13. Qe2 c6 14. f4 Qc8 15.
h3 Nc7 16. Bd3 Rd8 17. g4 Qd7 18. Bc2 Bd5 19. f5 Ne8 20. Ng3 Qc7 21. fxg6 Qxe5
22. gxf7+ Bxf7 23. Qxe5 Bxe5 24. Nf5 Bc4 25. Nxe7+ Kg7 26. Re1 Bf6 27. Nf5+ Kh8
28. Bxh6 Rd7 29. g5 Bg7 30. Bxg7+ Nxg7 31. Nxg7 Kxg7 32. Rad1 Rad8 33. h4 Bf7
34. Rxd7 Rxd7 35. Re2 Bc4 36. Rf2 Re7 37. h5 Re5 38. h6+ Kg8 39. g6 Rg5+ 40.
Rg2 Rh5 41. h7+ Kg7 42. Rh2 Rg5+ 43. Kf2 Kh8 44. b3 Bd5 45. c4 Be6 46. Kf3 Rg1
47. Rd2 Rf1+ 48. Ke4 Rf8 49. Ke5 Bg4 50. Rd7 1-0

[Event "Campeonato Nacional  Femenino 2011"]
[Site "Ciudad de Holguin. Cuba"]
[Date "2011.02.02"]
[Round "6.1"]
[White "Linares, Oleiny"]
[Black "Gutierrez, Amanda"]
[Result "1-0"]
[WhiteElo "2304"]
[BlackElo "2022"]
[PlyCount "73"]
[EventDate "2011.01.29"]
[EventType "swiss"]
[EventRounds "9"]
[EventCountry "CUB"]
[EventCategory "1"]

1. e4 e5 2. Nf3 Nc6 3. Bb5 a6 4. Ba4 Nf6 5. Qe2 b5 6. Bb3 Be7 7. c3 O-O 8. O-O
d5 9. d3 d4 10. h3 Bb7 11. cxd4 Nxd4 12. Nxd4 Qxd4 13. Be3 Qd6 14. Nc3 Rad8 15.
Rad1 c5 16. a3 g6 17. f4 Nh5 18. fxe5 Qxe5 19. Rf3 Bg5 20. Bxg5 Qxg5 21. Qf2 c4
22. dxc4 Rxd1+ 23. Bxd1 bxc4 24. Be2 Qc1+ 25. Bf1 g5 26. Qc5 Bc8 27. Nd5 Be6
28. Ne7+ Kg7 29. Qe5+ Kh6 30. Rf6+ Nxf6 31. Qxf6+ Kh5 32. g4+ Bxg4 33. hxg4+
Kxg4 34. Qf5+ Kg3 35. Qf2+ Kg4 36. Nf5 Kh5 37. Qh2+ 1-0

[Event "Campeonato Nacional  Femenino 2011"]
[Site "Ciudad de Holguin. Cuba"]
[Date "2011.02.02"]
[Round "6.2"]
[White "Vigoa Apecheche, Yanira"]
[Black "Miranda, Yerisbel"]
[Result "1/2-1/2"]
[WhiteElo "2290"]
[BlackElo "2183"]
[PlyCount "24"]
[EventDate "2011.01.29"]
[EventType "swiss"]
[EventRounds "9"]
[EventCountry "CUB"]
[EventCategory "1"]

1. d4 d5 2. Nf3 Nf6 3. c4 c6 4. e3 e6 5. Nbd2 Nbd7 6. Bd3 Bd6 7. O-O O-O 8. e4
e5 9. exd5 cxd5 10. cxd5 exd4 11. Nc4 Nb6 12. Nxb6 Qxb6 1/2-1/2

[Event "Campeonato Nacional  Femenino 2011"]
[Site "Ciudad de Holguin. Cuba"]
[Date "2011.02.02"]
[Round "6.3"]
[White "Arribas, Maritza"]
[Black "Ordaz, Lisandra"]
[Result "1/2-1/2"]
[WhiteElo "2296"]
[BlackElo "2343"]
[PlyCount "87"]
[EventDate "2011.01.29"]
[EventType "swiss"]
[EventRounds "9"]
[EventCountry "CUB"]
[EventCategory "1"]

1. e4 e5 2. Bc4 Nf6 3. d3 c6 4. Nf3 d5 5. Bb3 Bb4+ 6. c3 Bd6 7. O-O O-O 8. Qe2
Re8 9. Bg5 dxe4 10. dxe4 Na6 11. Nbd2 Nc5 12. Nc4 Bc7 13. Rfd1 Qe7 14. Bc2 Ne6
15. Ne3 Nxg5 16. Nxg5 h6 17. Nf3 g6 18. Nd2 Be6 19. Bb3 Rad8 20. h3 Rd7 21. Ng4
Kg7 22. Bxe6 Qxe6 23. Nxf6 Qxf6 24. Nc4 Red8 25. Rxd7 Rxd7 26. Rd1 Rxd1+ 27.
Qxd1 Qf4 28. Qe1 b5 29. Nd2 Bb6 30. Nf3 g5 31. Qe2 Qc1+ 32. Kh2 h5 33. g3 h4
34. gxh4 Qf4+ 35. Kg2 gxh4 36. Nh2 Kf8 37. Ng4 Ke7 38. b3 a6 39. a4 Ke6 40.
axb5 axb5 41. Qf3 Qg5 42. Kf1 Qc1+ 43. Kg2 Qg5 44. Kf1 1/2-1/2

[Event "Campeonato Nacional  Femenino 2011"]
[Site "Ciudad de Holguin. Cuba"]
[Date "2011.02.02"]
[Round "6.4"]
[White "Marrero, Yaniet"]
[Black "Ramon Pita, Vivian"]
[Result "1-0"]
[WhiteElo "2315"]
[BlackElo "2203"]
[PlyCount "79"]
[EventDate "2011.01.29"]
[EventType "swiss"]
[EventRounds "9"]
[EventCountry "CUB"]
[EventCategory "1"]

1. e4 g6 2. d4 Bg7 3. Nf3 d6 4. Bc4 Nf6 5. Qe2 O-O 6. e5 dxe5 7. dxe5 Nd5 8.
O-O c6 9. h3 Na6 10. Rd1 Qc7 11. Bxd5 cxd5 12. Nc3 Qc4 13. Qxc4 dxc4 14. Nd5 e6
15. Ne7+ Kh8 16. Bf4 Re8 17. a3 h6 18. Nxc8 Raxc8 19. Be3 Nc5 20. Rd4 b5 21.
Rd6 f6 22. exf6 Bxf6 23. Bxh6 Bxb2 24. Rb1 Bxa3 25. Rxb5 Ne4 26. Rd7 Re7 27.
Rxe7 Bxe7 28. Be3 Bc5 29. Bxc5 Rxc5 30. Rb8+ Kg7 31. Rb7+ Kf6 32. Rxa7 Rd5 33.
g3 e5 34. Ra6+ Kf7 35. h4 Rd1+ 36. Kg2 Rd5 37. Rc6 Nd6 38. Ng5+ Ke7 39. Rc7+
Kf6 40. Rd7 1-0

[Event "Campeonato Nacional  Femenino 2011"]
[Site "Ciudad de Holguin. Cuba"]
[Date "2011.02.02"]
[Round "6.5"]
[White "Campos, Milena"]
[Black "Miranda, Tania"]
[Result "1-0"]
[WhiteElo "2215"]
[BlackElo "2129"]
[PlyCount "101"]
[EventDate "2011.01.29"]
[EventType "swiss"]
[EventRounds "9"]
[EventCountry "CUB"]
[EventCategory "1"]

1. d4 Nf6 2. c4 g6 3. Nc3 Bg7 4. e4 d6 5. Nf3 O-O 6. h3 e5 7. d5 Nh5 8. Nh2 c6
9. g3 cxd5 10. cxd5 a6 11. Be2 Nf6 12. Ng4 Nbd7 13. Bg5 b5 14. b4 Qb6 15. Be3
Qd8 16. Bg5 Qb6 17. Nxf6+ Nxf6 18. Be3 Qd8 19. g4 Bd7 20. O-O Ne8 21. Qd2 Qh4
22. Kg2 h6 23. f3 f5 24. Qe1 Qe7 25. a4 Nf6 26. axb5 axb5 27. Rxa8 Rxa8 28. Qd2
Kh7 29. Qb2 Qe8 30. Ra1 Rxa1 31. Qxa1 Qc8 32. Qe1 Qa6 33. Qc1 f4 34. Bf2 Ne8
35. Qb2 Bf6 36. Qa2 Nc7 37. Qxa6 Nxa6 38. Bxb5 Bxb5 39. Nxb5 Be7 40. Be1 Kg7
41. Kf1 Kf7 42. Ke2 Ke8 43. Kd3 Kd7 44. Kc4 Kc8 45. Na7+ Kb7 46. Nc6 Bf6 47.
Na5+ Kc8 48. Kb5 Nb8 49. Bf2 Kc7 50. Bb6+ Kc8 51. Ba7 1-0

[Event "Campeonato Nacional  Femenino 2011"]
[Site "Ciudad de Holguin. Cuba"]
[Date "2011.02.02"]
[Round "6.6"]
[White "Piña, Sulennis"]
[Black "Catala, Ivette"]
[Result "1-0"]
[WhiteElo "2325"]
[BlackElo "2171"]
[PlyCount "87"]
[EventDate "2011.01.29"]
[EventType "swiss"]
[EventRounds "9"]
[EventCountry "CUB"]
[EventCategory "1"]

1. e4 c5 2. Nf3 e6 3. b3 Nc6 4. Bb2 Nf6 5. e5 Nd5 6. c4 Nde7 7. g3 Ng6 8. h4 d6
9. exd6 Qxd6 10. h5 Nge5 11. h6 gxh6 12. Nxe5 Nxe5 13. f4 Bg7 14. fxe5 Bxe5 15.
Qc2 Bxg3+ 16. Kd1 e5 17. Qd3 Bg4+ 18. Kc1 Qxd3 19. Bxd3 O-O-O 20. Be4 h5 21. d3
h4 22. Nd2 h5 23. Kc2 f5 24. Bd5 Rhe8 25. Raf1 Rd7 26. Nf3 e4 27. dxe4 fxe4 28.
Ne1 e3 29. Bc3 e2 30. Rf6 Rdd8 31. Nd3 h3 32. Be1 h4 33. Nf2 Bd7 34. Ne4 Bxe1
35. Rxe1 h2 36. Nd6+ Kb8 37. Nxe8 Bxe8 38. Rf2 Bg6+ 39. Kd2 Be4 40. Rxh2 Bxd5
41. cxd5 Rxd5+ 42. Kc3 Rd4 43. Rexe2 a5 44. Re5 1-0

[Event "Campeonato Nacional  Femenino 2011"]
[Site "Ciudad de Holguin. Cuba"]
[Date "2011.02.02"]
[Round "6.7"]
[White "Fleites, Yuleikys"]
[Black "Llaudy, Lisandra"]
[Result "1/2-1/2"]
[WhiteElo "2155"]
[BlackElo "2238"]
[PlyCount "82"]
[EventDate "2011.01.29"]
[EventType "swiss"]
[EventRounds "9"]
[EventCountry "CUB"]
[EventCategory "1"]

1. e4 d6 2. d4 Nf6 3. Nc3 c6 4. Be3 Nbd7 5. Qd2 e5 6. h3 Be7 7. Nge2 b5 8. Ng3
O-O 9. Bd3 Nb6 10. dxe5 dxe5 11. b3 Be6 12. O-O Qc8 13. Qe2 Nbd7 14. Nf5 Bxf5
15. exf5 Re8 16. Ne4 Nxe4 17. Bxe4 Nf6 18. Qf3 Nxe4 19. Qxe4 Qc7 20. a4 a6 21.
Rfd1 Rec8 22. Qg4 Bf6 23. Qe4 Be7 24. Rd2 Rd8 25. Rxd8+ Rxd8 26. axb5 axb5 27.
Ra6 Rc8 28. Qg4 Bf6 29. Bc5 Qd7 30. Ra7 Rc7 31. Ra8+ Rc8 32. Rxc8+ Qxc8 33. Qe4
Qd7 34. c4 bxc4 35. bxc4 Qd1+ 36. Kh2 Qd7 37. g3 h6 38. Qb1 Kh7 39. Be3 Kg8 40.
Qe4 Kh7 41. Bc5 Kg8 1/2-1/2

[Event "Campeonato Nacional  Femenino 2011"]
[Site "Ciudad de Holguin. Cuba"]
[Date "2011.02.02"]
[Round "6.8"]
[White "Perez, Jennifer"]
[Black "Corrales, Zenia"]
[Result "1-0"]
[WhiteElo "2231"]
[BlackElo "2197"]
[PlyCount "65"]
[EventDate "2011.01.29"]
[EventType "swiss"]
[EventRounds "9"]
[EventCountry "CUB"]
[EventCategory "1"]

1. d4 d5 2. c4 Nc6 3. Nf3 Bg4 4. Nc3 Bxf3 5. exf3 dxc4 6. d5 Ne5 7. Bf4 Ng6 8.
Bg3 e5 9. dxe6 Qxd1+ 10. Rxd1 fxe6 11. Bxc4 e5 12. O-O Bd6 13. Nb5 Kd7 14. Rfe1
Kc6 15. Nxd6 cxd6 16. Bd5+ Kc7 17. Rc1+ Kb6 18. Re3 Rb8 19. Rb3+ Ka6 20. Rc7
N8e7 21. Bxb7+ Ka5 22. Rc4 a6 23. Rcb4 Nc8 24. a3 Rd8 25. f4 exf4 26. Bxf4 Rxb7
27. Rxb7 Nxf4 28. Rxg7 h5 29. g3 Ne6 30. Rh7 Nb6 31. Rxh5+ Nc5 32. Rf3 Ka4 33.
Rf4+ 1-0

[Event "Campeonato Nacional  Femenino 2011"]
[Site "Ciudad de Holguin. Cuba"]
[Date "2011.02.02"]
[Round "6.9"]
[White "Forgas, Yaniela"]
[Black "Hernandez, Yuleisis"]
[Result "1-0"]
[WhiteElo "2130"]
[BlackElo "2206"]
[PlyCount "87"]
[EventDate "2011.01.29"]
[EventType "swiss"]
[EventRounds "9"]
[EventCountry "CUB"]
[EventCategory "1"]

1. e4 e6 2. b3 d5 3. Bb2 Nf6 4. e5 Nfd7 5. f4 c5 6. Nf3 Nc6 7. Be2 Be7 8. O-O
O-O 9. Nc3 f6 10. exf6 Nxf6 11. Bb5 Qc7 12. Bxc6 bxc6 13. Ne5 Bd6 14. Qe2 Rb8
15. d3 Ba6 16. Rf3 Bxe5 17. fxe5 Nd7 18. Re1 Rxf3 19. Qxf3 Rf8 20. Qg3 Rf5 21.
h3 d4 22. Ne4 Qa5 23. Nd6 Rf8 24. Bc1 Kh8 25. Bg5 h6 26. Be7 Rb8 27. Re2 Qxa2
28. Qg6 Qb1+ 29. Kh2 Qc1 30. Nf7+ Kg8 31. Rf2 Nf8 32. Nxh6+ Qxh6 33. Qf7+ Kh7
34. Bxf8 Rb7 35. Qf3 Qg5 36. Bd6 Bb5 37. Qe4+ Qg6 38. Qh4+ Qh6 39. Qd8 Qe3 40.
Rf8 Qd2 41. Qe8 Kh6 42. Rh8+ Kg5 43. Qh5+ Kf4 44. Qg4+ 1-0

[Event "Campeonato Nacional  Femenino 2011"]
[Site "Ciudad de Holguin. Cuba"]
[Date "2011.02.02"]
[Round "6.10"]
[White "Frometa, Zirka"]
[Black "Castillo, Mairebis"]
[Result "0-1"]
[WhiteElo "2128"]
[BlackElo "2166"]
[PlyCount "120"]
[EventDate "2011.01.29"]
[EventType "swiss"]
[EventRounds "9"]
[EventCountry "CUB"]
[EventCategory "1"]

1. d4 Nf6 2. e3 d6 3. Nf3 Nbd7 4. Bc4 e6 5. Nc3 Be7 6. O-O O-O 7. b3 a6 8. a4
b6 9. Bb2 Bb7 10. Bd3 h6 11. Nd2 c5 12. Ne2 Qc7 13. c4 Nb8 14. Ng3 Nc6 15. Rc1
Nb4 16. Bb1 Rfd8 17. Bc3 a5 18. Nh5 Rac8 19. Nxf6+ Bxf6 20. dxc5 Bxc3 21. Rxc3
dxc5 22. Qe2 Qe5 23. Rfc1 Rd7 24. f4 Qc7 25. Nf3 Rcd8 26. h3 Rd6 27. e4 Nc6 28.
e5 Nd4 29. Nxd4 Rxd4 30. Qg4 Be4 31. Rg3 g6 32. Bxe4 Rxe4 33. Qh4 Rdd4 34. Rf1
Qxe5 35. Qxh6 Rxf4 36. Rxf4 Qxf4 37. Qxf4 Rxf4 38. Rd3 Rd4 39. Re3 Kf8 40. Kf2
Ke7 41. Kf3 f5 42. g3 Kf6 43. h4 e5 44. Rc3 g5 45. hxg5+ Kxg5 46. Kf2 Kg4 47.
Re3 e4 48. Re1 Rd2+ 49. Ke3 Rd3+ 50. Kf2 Rxb3 51. Rh1 e3+ 52. Ke2 Kxg3 53. Rh5
f4 54. Rg5+ Kh4 55. Rg1 Rb2+ 56. Kd3 Rf2 57. Rg6 e2 58. Kd2 f3 59. Rxb6 Rf1 60.
Rh6+ Kg5 0-1

[Event "Campeonato Nacional  Femenino 2011"]
[Site "Ciudad de Holguin. Cuba"]
[Date "2011.02.03"]
[Round "7.1"]
[White "Miranda, Yerisbel"]
[Black "Linares, Oleiny"]
[Result "0-1"]
[WhiteElo "2183"]
[BlackElo "2304"]
[PlyCount "50"]
[EventDate "2011.01.29"]
[EventType "swiss"]
[EventRounds "9"]
[EventCountry "CUB"]
[EventCategory "1"]

1. d4 g6 2. c4 Nf6 3. Nc3 Bg7 4. e4 d6 5. Nf3 O-O 6. Be2 e5 7. O-O Nbd7 8. Re1
c6 9. Be3 Ng4 10. Bg5 f6 11. Bc1 Nh6 12. h3 Nf7 13. b4 f5 14. dxe5 Ndxe5 15.
Bd2 Nxf3+ 16. Bxf3 Ne5 17. Be2 f4 18. Rc1 f3 19. gxf3 Bxh3 20. Be3 Qh4 21. f4
Bh6 22. Qd2 Bxf4 23. Bxf4 Rxf4 24. Qe3 Raf8 25. Qg3 Qh6 0-1

[Event "Campeonato Nacional  Femenino 2011"]
[Site "Ciudad de Holguin. Cuba"]
[Date "2011.02.03"]
[Round "7.2"]
[White "Marrero, Yaniet"]
[Black "Vigoa Apecheche, Yanira"]
[Result "1-0"]
[WhiteElo "2315"]
[BlackElo "2290"]
[PlyCount "61"]
[EventDate "2011.01.29"]
[EventType "swiss"]
[EventRounds "9"]
[EventCountry "CUB"]
[EventCategory "1"]

1. e4 c5 2. Nf3 a6 3. c3 d5 4. exd5 Qxd5 5. d4 e6 6. Be3 cxd4 7. cxd4 Nf6 8.
Nc3 Qa5 9. Bd3 Nd5 10. O-O Nxe3 11. fxe3 Be7 12. Ne5 Bf6 13. Qh5 Rf8 14. Ne4
Qd8 15. Qxh7 Nd7 16. Nd6+ Ke7 17. Ndxf7 Rxf7 18. Nxf7 Kxf7 19. Kh1 Nf8 20. Qh5+
Ke7 21. Rac1 Bd7 22. e4 g6 23. Qc5+ Ke8 24. e5 Be7 25. Qc2 Bc6 26. Bxg6+ Nxg6
27. Qxg6+ Kd7 28. d5 Bxd5 29. Rf7 Rc8 30. Rcf1 Rc2 31. Qxc2 1-0